Normal view
MARC view
Entry Personal Name
001 - CONTROL NUMBER
- control field: 428
003 - CONTROL NUMBER IDENTIFIER
- control field: csc
005 - DATE AND TIME OF LATEST TRANSACTION
- control field: 20140507162050.0
008 - FIXED-LENGTH DATA ELEMENTS
- fixed length control field: 110906|||a|||||| | ||| d
040 ## - CATALOGING SOURCE
- Original cataloging agency: csc
- Transcribing agency: csc
100 ## - HEADING--PERSONAL NAME
- Personal name: Capaldi, Peter.
670 ## - SOURCE DATA FOUND
- Source citation: Work cat.: (csc)0: House of 9 /, c2005.